LEADER 01712nam a2200349 a 4500 001 000000125250 003 CaOOAMICUS 005 20110511093755.0 008 110511s2010 it ao u000 u ita r 020 $a978-88-02-08352-0 (v. 1) 020 $a978-88-02-08353-7 (v. 2) 040 $aPUL$bita 082 04$a940.53 245 00$aStoria della Shoah in Italia:$bvicende, memorie, rappresentazioni /$ca cura di: Marcello Flores, ... [et al.]. 260 $aTorino :$bUTET,$c©2010. 300 $a2 v. :$bill., foto. ;$c25 cm. 500 $aInclude indice. 504 $aInclude riferimenti bibliografici. 505 0 $aV. 1. Le premesse, le persecuzioni, lo sterminio. -- v. 2. Memorie, rappresentazioni, eredità. 650 4$aEbrei$xPersecuzioni e massacri.$0(OLS)http://pul/subject/22588 650 4$aEbrei$zItalia$ySec. XIX-XX.$0(OLS)http://pul/subject/32155 700 1 $aFlores, Marcello.$0(OLS)http://pul/name/65282 850 $aPUL 852 $aPUL$W1$xSL Cons. Gen., Altre Classi 3$y75$m940. 53 FLOMA 1.1$j144225$av. 1$qDDC 21$B143254$CPULBib$Z2$F143254 $H116451 $82 852 $aPUL$W1$xSL Cons. Gen., Altre Classi 3$y75$m940. 53 FLOMA 1.2$j144226$av. 2$qDDC 21$B143255$CPULBib$Z2$F143255 $H116452 $82 941 1 $a9 996 $6020$a978-88-02-08352-0 (v. 1)$9(OLS)http://pul/number/147110 996 $6020$a978-88-02-08353-7 (v. 2)$9(OLS)http://pul/number/147111 996 $6082$a940.53$9(OLS)http://pul/classification/1998 996 $6245$aStoria della Shoah in Italia:$bvicende, memorie, rappresentazioni$9(OLS)http://pul/title/157911 996 $6260$aTorino :$bUTET$9(OLS)http://pul/publisher/48088 LEADER 01005nam a2200265 u 4500 001 000000067198 003 CaOOAMICUS 005 20070226121648.0 008 020205s1995 it u000 u ita u 035 $a10919360 040 $aPUL(R)$bita 041 1 $aita$heng 100 1 $aKelly, J. N. D.$q(John Norman Davidson),$d1909-$0(OLS)http://pul/name/297 240 10$aOxford dictionary of popes.$lItaliano.$0(OLS)http://pul/title/89133 245 10$aDictionnaire des papes /$cJ.N.D. Kelly. 260 $aCasale Monferrato :$bPiemme,$cc1995. 300 $a590 p. ;$c18 cm 500 $aContiene indici. 650 4$aPapato.$0(OLS)http://pul/subject/4195 850 $aPUL 852 $aPUL$W1$xSL Filosofia 1$y2$m110 E 22$j86939$nBK-PRI$b $qStampati$B86939$CPULBib$Z2$F86939 $H $81 941 1 $a8 961 $aINV: 27988 996 $6245$aDictionnaire des papes$9(OLS)http://pul/title/89134 996 $6260$aCasale Monferrato :$bPiemme$9(OLS)http://pul/publisher/51813